English Top Flight Champions - Quiz - Statistics

General Stats
  • This quiz has been taken 54 times
  • The average score is 109 of 125
Answer Stats
Hint Answer % Correct
1954/55 | 2004/05 | 2005/06 | +3 others Chelsea
100%
2015/16 Leicester City
100%
1900/01 | 1905/06 | 1921/22 | +16 others Liverpool FC
100%
1936/37 | 1967/68 | 2011/12 | +7 others Manchester City
100%
1930/31 | 1932/33 | 1933/34 | +10 others Arsenal
98%
1907/08 | 1910/11 | 1951/52 | +17 others Manchester United
98%
1893/94 | 1895/96 | 1896/97 | +4 others Aston Villa
90%
1950/51 | 1960/61 Tottenham Hotspur
90%
1904/05 | 1906/07 | 1908/09 | 1926/27 Newcastle United
86%
1977/78 Nottingham Forest
86%
1911/12 | 1913/14 | 1994/95 Blackburn Rovers
83%
1968/69 | 1973/74 | 1991/92 Leeds United
83%
1890/91 | 1914/15 | 1927/28 | +6 others Everton FC
76%
1891/92 | 1892/93 | 1894/95 | +3 others Sunderland AFC
69%
1902/03 | 1903/04 | 1928/29 | 1929/30 Sheffield Wednesday
67%
1953/54 | 1957/58 | 1958/59 Wolverhampton Wanderers
67%
1920/21 | 1959/60 Burnley FC
64%
1897/98 Sheffield United
64%
1888/89 | 1889/90 Preston North End
62%
1948/49 | 1949/50 Portsmouth FC
55%
1919/20 West Bromwich Albion
52%
1971/72 | 1974/75 Derby County
50%
1923/24 | 1924/25 | 1925/26 Huddersfield Town
50%
1961/62 Ipswich Town
48%
No matching quizzes found
Score Distribution
Percent of People with Each Score
Percentile by Number Answered
Your Score History
You have not taken this quiz